Public service labour relations in a democratic South Africa (Record no. 428964)

MARC details
000 -LEADER
fixed length control field 00674nam a2200205Ia 4500
003 - CONTROL NUMBER IDENTIFIER
control field 3228
005 - DATE AND TIME OF LATEST TRANSACTION
control field 20260602112740.0
008 - FIXED-LENGTH DATA ELEMENTS--GENERAL INFORMATION
fixed length control field 210818s9999 xx 000 0 und d
020 ## - INTERNATIONAL STANDARD BOOK NUMBER
International Standard Book Number 9781868143597
040 ## - CATALOGING SOURCE
Original cataloging agency MPL
Transcribing agency 3228
Description conventions Resource Description and Access
082 #0 - DEWEY DECIMAL CLASSIFICATION NUMBER
Classification number 352.680968 PUBL
100 ## - MAIN ENTRY--PERSONAL NAME
Personal name ADLER, Glenn Johannesburg : Witwatersrand University Press, 2000
9 (RLIN) 20158
245 #0 - TITLE STATEMENT
Title Public service labour relations in a democratic South Africa
250 ## - EDITION STATEMENT
Edition statement First edition
260 ## - PUBLICATION, DISTRIBUTION, ETC.
Place of publication, distribution, etc. Johannesburg:
Name of publisher, distributor, etc. Witwatersrand University Press,
Date of publication, distribution, etc. 2000.
300 ## - PHYSICAL DESCRIPTION
Extent xv, 279 pages,
Other physical details Illustrations,
Dimensions 22 cm.
504 ## - BIBLIOGRAPHY, ETC. NOTE
Bibliography, etc. note Includes bibliographical references
521 ## - TARGET AUDIENCE NOTE
Target audience note Adults
942 ## - ADDED ENTRY ELEMENTS
item type Books
Source of classification or shelving scheme Dewey Decimal Classification
-- 396
-- Zanele Zitha
Holdings
Withdrawn status Lost status Damaged status Not for loan Home library Current library Date acquired Cost, normal purchase price Total Checkouts Barcode Date last seen Price effective from item type
        Sabie Public Library (Closed for renovations) Sabie Public Library (Closed for renovations) 23.08.2021 58.00   33228016677013 23.08.2021 23.08.2021 Books